00742nam a2200181 a 450000100100000000500170001000800410002704000250006810000370009324500770013026000790020730000280028649000370031470000370035183000440038895201110043299900170054300003962420201002033640.0130712s1995 ch a 000 0 spa d aDO-SdBNPbspacBNPHU1 aSánchez Romero, Rodrigo96579810aCultura aconcagua /cRodrigo Sánchez Romero, Mauricio Massone Mezzano. aSantiago de Chile :bDirección de Bibliotecas, Archivos y Museos,c1995. a61 p. :bils. ;c23 cm.1 aImágenes del Patrimoniovno. 11 aMassone Mezzano, Mauricio965799 0aImágenes del Patrimonionno. 1965800 001054708MOaGRbGRcCTd2013-07-12iLF1l0o p39624-10r2020-06-25w2020-06-25y4ZPréstamo en sala c39114d39114